000 01261nam a2200325 4500
001 0000018805
003 CO-CtgCURN
005 20260305230747.0
007 ta
008 160627s2001 000 0 eng d
020 _a8448603710
040 _aCO-CtgCURN
_bspa
_ccoctgcurn
082 0 _a614.44
_bG65e
100 1 _aGómez García, Carmen I.
245 1 0 _aEnfermeria de la infancia y la adolescencia /
_cCarmen I. Gómez García, Marta Díaz Gómez y María Jesus Ruiz García.
260 _aMadrid :
_bMcGraw-Hill Interamericana,
_c2001.
300 _axiv, 474 p.
336 _2rdacontent
337 _2rdamedia
_asin mediacion
_bn
338 _2rdacarrier
_avolumen
_bnc
504 _aBibliografia (p. 461-465)
505 8 _aAspectos biomedicos, psicologicos y sociales de la atencion de enfermeria.--Planes de cuidados estandarizados.--Programas de atencion al niño y al adolescente
590 _aCuidado de Enfermería materno infantil y familia (Enfermería)
650 1 4 _aPediatria
_vManuales.
700 1 _aDíaz Gómez, Marta.
908 _a160627
942 _cBK
_h614.44
_iG65e
_2ddc
999 _c21963
_d21963